Gaming Quiz

Random Gaming or Pokémon Quiz

Sabrina's Pokemon Quiz Stats

 Plays Quiz not verified by Sporcle

Score 0/26 Timer 02:00
0 Plays Today
% Correct
Kadabra
99%
Kadabra
99%
Kadabra
99%
Kadabra
99%
Abra
98%
Alakazam
98%
Abra
98%
Alakazam
98%
Alakazam
98%
Alakazam
98%
Alakazam
98%
Alakazam
98%
Haunter
90.5%
% Correct
Mr. Mime
83%
Mr. Mime
83%
Mr. Mime
83%
Mr. Mime
83%
Mr. Mime
83%
Venomoth
66.8%
Venomoth
66.8%
Espeon
59.8%
Espeon
59.8%
Espeon
59.8%
Jynx
49%
Gallade
44%
Wobbuffet
26.5%

You're not logged in!

Compare scores with friends on all Sporcle quizzes.
OR
Log In

You Might Also Like...

Show Comments

Extras

Created Sep 30, 2010ReportNominate
Tags:Pokémon Quiz

Top Quizzes Today


Score Distribution

Your Account Isn't Verified!

In order to create a playlist on Sporcle, you need to verify the email address you used during registration. Go to your Sporcle Settings to finish the process.

Report this User

Report this user for behavior that violates our Community Guidelines.

Details: